|
|
|
|
| LEADER |
00000cam a2200000 7i4500 |
| 001 |
0000015041 |
| 005 |
20080312.0 |
| 008 |
080312 |
| 020 |
|
|
|a 0743264991
|
| 090 |
0 |
0 |
|a 646.72
|b KUN
|
| 100 |
1 |
|
|a Kunin, Audrey
|
| 245 |
1 |
4 |
|a The dermadoctor skinstruction manual :
|b the smart guide to healthy, beautiful skin and looking good at any age
|c Audrey Kunin with Bill Gottlieb
|
| 260 |
|
|
|a New York :
|b Simon & Schuster ,
|c 2005
|
| 650 |
|
0 |
|a Beauty, Personal
|
| 650 |
|
0 |
|a Dermothology
|x Popular works
|
| 650 |
|
0 |
|a Skin
|x Care and hygiene
|x Popular works
|
| 650 |
|
0 |
|a Skin
|x Diseases
|x Popular works
|
| 650 |
|
0 |
|a Women
|x Health and hygiene
|x Popular works
|
| 700 |
0 |
|
|a Whitney,Catherine
|
| 999 |
|
|
|a 0001017164
|b Book
|c Adult Collection
|e Perbadanan Perpustakaan Awam Johor
|